| 000 | 01705 a2200277 4500 | ||
|---|---|---|---|
| 003 | Nust | ||
| 005 | 20170207154050.0 | ||
| 010 | _a 2008000980 | ||
| 020 | _a0838909574 (alk. paper) | ||
| 020 | _a9780838909577 (alk. paper) | ||
| 035 | _a(OCoLC)180880673 | ||
| 035 | _a(OCoLC)ocn180880673 | ||
| 040 | _cNust | ||
| 082 | 0 | 0 | _a027.80973 |
| 100 | 1 | _aAnderson, Dee. | |
| 245 | 1 | 0 |
_aReading is funny! :motivating kids to read with riddles(E-BOOK) _cDee Anderson. |
| 260 |
_aChicago : _bAmerican Library Association, _c2009. |
||
| 300 |
_axi, 216 p. : _bill. ; _c28 cm. |
||
| 505 | 0 | _aBulletin boards that promote reading -- Encouraging children to share riddles -- Games to play with riddles -- Using riddles for public relations -- Sharing riddles through puppets -- Do it yourself! : how to make up riddles and keep a riddle file -- Laugh lines : riddles about literacy -- Laughing at "our-shelves" : riddles about specific books -- The loony library : riddles for loony library bulletin boards and games -- Merry menagerie : riddles about animals and zoos -- "'Hoppy' birthday!" : riddles about birthdays -- Frightfully funny : riddles about creepy creatures -- "'Hoppy' holidays!" : riddles about holidays and seasons -- Fun(ny) and games : riddles about sports -- Talking turnips : riddles for talking turnip bulletin boards, games, and story -- Odds and ends : riddles about popular subjects. | |
| 650 | 0 |
_aReading promotion _zUnited States. |
|
| 650 | 0 | _aRiddles, Juvenile. | |
| 650 | 0 |
_aSchool libraries _xActivity programs _zUnited States. |
|
| 650 | 0 | _aWit and humor in education. | |
| 651 | _aE-BOOK | ||
| 856 | 4 | 1 |
_3Table of contents only _uhttp://www.loc.gov/catdir/toc/ecip088/2008000980.html |
| 942 |
_2ddc _cBK |
||
| 999 |
_c193066 _d193066 |
||